Banner

Análisis financiero aplicado y principios de administración financiera / (Record no. 1183)

MARC details
000 -LEADER
campo de control de longitud fija 01213nam a22002417a 4500
001 - NÚMERO DE CONTROL
campo de control 001548
003 - IDENTIFICADOR DE NÚMERO DE CONTROL
campo de control CoMeUDC001548
005 - FECHA Y HORA DE LA ÚLTIMA TRANSACCIÓN
campo de control 20190201213944.0
008 - DATOS DE LONGITUD FIJA--INFORMACIÓN GENERAL
campo de control de longitud fija 070314s2006 ck gr 000 0 spa d
020 ## - NÚMERO INTERNACIONAL ESTÁNDAR DEL LIBRO
Número Internacional Estándar del Libro 9587101626
040 ## - FUENTE DE CATALOGACIÓN
Centro catalogador/agencia de origen CO-BoUEX
Centro/agencia transcriptor CoMeUDC
041 0# - CÓDIGO DE IDIOMA
Código de lengua del texto/banda sonora o título independiente spa
082 04 - NÚMERO DE LA CLASIFICACIÓN DECIMAL DEWEY
Número de clasificación 658.151
Número de ítem O77a
100 10 - ENTRADA PRINCIPAL--NOMBRE DE PERSONA
Nombre de persona Ortiz Anaya, Héctor
245 10 - MENCIÓN DEL TÍTULO
Título Análisis financiero aplicado y principios de administración financiera /
Mención de responsabilidad, etc. Héctor Ortiz Anaya.
250 ## - MENCION DE EDICION
Mención de edición 13a. ed.
260 ## - PUBLICACIÓN, DISTRIBUCIÓN, ETC.
Lugar de publicación, distribución, etc. Bogotá :
Nombre del editor, distribuidor, etc. Universidad Externado de Colombia,
Fecha de publicación, distribución, etc. 2006.
300 ## - DESCRIPCIÓN FÍSICA
Extensión 595 p. ;
Dimensiones 29 cm.
505 0# - NOTA DE CONTENIDO CON FORMATO
Nota de contenido con formato Visión global de las finanzas y el análisis financiero. Los estados financieros. Cuentas de tratamiento especial. Ajustes por inflación en la contabilidad. Cómo entender los estados financieros. Análisis vertical y horizontal. Análisis de razones o indicadores financieros. Análisis de valor agregado. Administración del capaital de trabajo. El flujo de fondos. Flujo de caja y proyecciones financieras. Elementos de administración financiera. Administración del efectivo. Administración de las cuentas por cobrar
650 14 - PUNTO DE ACCESO ADICIONAL DE MATERIA--TÉRMINO DE MATERIA
Término de materia o nombre geográfico como elemento de entrada Análisis financiero
650 14 - PUNTO DE ACCESO ADICIONAL DE MATERIA--TÉRMINO DE MATERIA
Término de materia o nombre geográfico como elemento de entrada Administración financiera
942 ## - ELEMENTOS DE ENTRADA SECUNDARIOS (KOHA)
Fuente del sistema de clasificación o colocación Clasificación Decimal Dewey
Tipo de ítem Koha Libros
Holdings
Estatus retirado Estado de pérdida Fuente del sistema de clasificación o colocación Estado de daño No para préstamo Colección Biblioteca de origen Biblioteca actual Fecha de adquisición Fuente de adquisición Signatura topográfica completa Código de barras Visto por última vez Copia número Precio de reemplazo Tipo de ítem Koha Total de préstamos
    Clasificación Decimal Dewey     Colección general U DE COLOMBIA - Biblioteca U DE COLOMBIA - Biblioteca 27/03/2023 donación 658.151 O77a EJ 1 001548 27/03/2023 1 27/03/2023 Libros  
    Clasificación Decimal Dewey     Colección general U DE COLOMBIA - Biblioteca U DE COLOMBIA - Biblioteca 10/02/2025   658.151 O77a EJ 2 001549 10/02/2025 2 10/02/2025 Libros  
    Clasificación Decimal Dewey     Colección general U DE COLOMBIA - Biblioteca U DE COLOMBIA - Biblioteca 17/06/2025 Donación 2025 658.151 O77 12 ed. 001254 17/06/2025 1 17/06/2025 Libros  


Biblioteca Académica Corporación Universitaria U DE COLOMBIA | Teléfono: +(57) (4) 2398080 ext. 1112 | E-mail: biblioteca@udecolombia.edu.co | Dirección: Calle 56 Nº 41 – 147 (Bolivia con Girardot)
Horario de atención: lunes a viernes 8:00 a.m. a 8:00 p.m. - sábados 8:00 a.m. a 4:00 p.m.
Implementado por Grupo EGS.

Powered by Koha